Monuments and landmarks of the World - Statistics

General Stats
  • This quiz has been taken 87 times
  • The average score is 18 of 44
Answer Stats
Picture Answer % Correct
Statue of Liberty
95%
White House
92%
Eiffel Tower
91%
Mount Rushmore
83%
Golden Gate Bridge
81%
Empire State
80%
Palace of Westmister
75%
Stonehenge
73%
London Eye
67%
The Colosseum
66%
Notre-Dame de Paris
61%
Great Wall of China
59%
Tower Bridge
58%
CN Tower
56%
Taj Mahal
56%
Arc de Triomphe
55%
Space Needle
52%
Hoover Dam
48%
Berlin Wall
47%
Petra
47%
United States Capitol
47%
Tower of Pisa
45%
Washington Monument
45%
Brandenburg Gate
44%
Burj Khalifa
41%
The Parthenon
41%
Christ the Redeemer
39%
Lincoln Memorial
36%
Acropolis of Athens
27%
Machu Picchu
23%
Cathedral of Milan
22%
The Alhambra
22%
Chichen Itza
19%
Great Pyramid of Giza
19%
Neuschwanstein Castle
14%
Saint Basil's Cathedral
8%
The Sphynx
6%
Bunker Hill Monument
2%
Sidney Opera House
2%
Fort Independence
0%
Hyppodrome
0%
Lunar Flag
0%
Old Havana
0%
Queen's Staircase
0%
No matching quizzes found
Score Distribution
Percent of People with Each Score
Percentile by Number Answered
Your Score History
You have not taken this quiz